| Tag |
First Indicator |
Second Indicator |
Subfields |
| LEADER |
00000pam a2200000 a 4500 |
| 001 |
in00000078757 |
| 005 |
20151008053919.0 |
| 008 |
801031s1981 nyua b 00110 engm |
| 010 |
|
|
|a 80027281
|
| 020 |
|
|
|a 0442263406 :
|c $16.95
|
| 020 |
|
|
|a 0442263414 (pbk.) :
|c $10.00 (est.)
|
| 035 |
|
|
|a (OCoLC)06982164
|
| 035 |
|
|
|9 AAH9049AM
|
| 040 |
|
|
|a DLC
|c DLC
|d m.c.
|d TXA
|d UtOrBLW
|
| 049 |
|
|
|a TXAM
|c [387259]
|
| 050 |
0 |
0 |
|a NC878
|b .W36
|
| 082 |
0 |
|
|a 741.2/6
|2 19
|
| 100 |
1 |
|
|a Wang, Thomas C.
|
| 245 |
1 |
0 |
|a Sketching with markers /
|c Thomas C. Wang.
|
| 264 |
|
1 |
|a New York, N.Y. :
|b Van Nostrand Reinhold Co.,
|c [1981]
|
| 264 |
|
4 |
|c ©1981
|
| 300 |
|
|
|a 104 pages :
|b illustrations (some color) ;
|c 22 x 29 cm.
|
| 336 |
|
|
|a text
|b txt
|2 rdacontent
|
| 337 |
|
|
|a unmediated
|b n
|2 rdamedia
|
| 338 |
|
|
|a volume
|b nc
|2 rdacarrier
|
| 500 |
|
|
|a Includes index.
|
| 504 |
|
|
|a Bibliography: page 102.
|
| 650 |
|
0 |
|a Dry marker drawing
|x Technique.
|
| 999 |
|
|
|a MARS
|
| 999 |
f |
f |
|s d263f44c-0254-3bbe-a06c-abda3b4db4b2
|i 89b2e5c9-834d-39c0-8a44-30f8925dc92f
|t 0
|
| 952 |
f |
f |
|p normal
|a Texas A&M University
|b College Station
|c Sterling C. Evans Library
|d Evans: Library Stacks
|t 0
|e NC878 .W36
|h Library of Congress classification
|i unmediated -- volume
|m A14806169249
|
| 998 |
f |
f |
|a NC878 .W36
|t 0
|l Evans: Library Stacks
|